=LDR 00000nam 2200000 4500 =001 INLIS000000000061956 =005 20230213075709 =035 ##$$a 0010-0223000028 =007 ta =008 230213###########################0#eng## =020 ##$$a 918-260-210-0 =082 ##$$a 741.5 =084 ##$$a 741.5 SAK t =100 #$$a Sakura Kinoshita =245 1#$$a The Mythical Detaktive Lloki Ragnarok 2 /$c Sakura Kinoshiat =260 ##$$a Singapore :$b Alexandra Distriparrk,$c 2004 =300 ##$$a 167 hlm : $b Ilus. ; $c 18 cm =600 #4$$a Komik - Bacaan =990 ##$$a 00610061 =990 ##$$a 3202300061